| 000 | 00729nam a2200229 u 4500 | ||
|---|---|---|---|
| 005 | 20220816063944.0 | ||
| 008 | 121005s2007 r 000 0 eng d | ||
| 020 | _a9789992642122 | ||
| 035 | _aUPN01000187143 | ||
| 049 | _aI | ||
| 050 | 4 |
_aPZ76.3 _bC6.28 |
|
| 100 | 1 |
_aCoello, Teresa G. de, _d1947- _934045 |
|
| 245 | 1 | 0 |
_aAventuras de Rana Mariana y su amiga Capuchona / _cTeresa G. de Coello ; il. Karen Medina Yamsan. |
| 260 |
_aTegucigalpa : _bAlfaguara, _c2007. |
||
| 300 |
_a37 p. : _bil. |
||
| 440 | 0 | _aAlfaguara infantil | |
| 650 | 0 |
_aAnimales _vCuentos y leyendas _9234 |
|
| 650 | 4 |
_aLITERATURA INFANTIL HONDUREÑA _922266 |
|
| 650 | 0 |
_aAmistad en la literatura _910763 |
|
| 905 | _aInfantil | ||
| 999 |
_c159246 _d159246 |
||